China en la literatura hispánica / (Record no. 183529)

MARC details
000 -LEADER
campo de control de longitud fija 01427nam a2200301 i 4500
001 - NÚMERO DE CONTROL
campo de control 183529
003 - IDENTIFICADOR DE NÚMERO DE CONTROL
campo de control ES-MaACL
005 - FECHA Y HORA DE LA ÚLTIMA TRANSACCIÓN
campo de control 20231106100015.0
008 - DATOS DE LONGITUD FIJA--INFORMACIÓN GENERAL
campo de control de longitud fija 140715s2013 ch |||| | spa d
020 ## - NÚMERO INTERNACIONAL ESTÁNDAR DEL LIBRO
Número Internacional Estándar del Libro 978-986-89433-2-2
080 ## - NÚMERO DE LA CLASIFICACIÓN DECIMAL UNIVERSAL
Número de la Clasificación Decimal Universal 821.134.2:510
100 1# - ENTRADA PRINCIPAL--NOMBRE DE PERSONA
Nombre de persona Bayo, Manuel.
9 (RLIN) 26695
245 10 - MENCIÓN DEL TÍTULO
Título China en la literatura hispánica /
Mención de responsabilidad, etc. Manuel Bayo ; edición, José Ramos ; prólogo, José Ramón Álvarez.
250 ## - MENCION DE EDICION
Mención de edición 1ª ed.
260 ## - PUBLICACIÓN, DISTRIBUCIÓN, ETC.
Lugar de publicación, distribución, etc. Taichung (Taiwan) :
Nombre del editor, distribuidor, etc. Catay,
Fecha de publicación, distribución, etc. 2013.
300 ## - DESCRIPCIÓN FÍSICA
Extensión 481 p. ;
Dimensiones 21 cm.
490 1# - MENCIÓN DE SERIE
Mención de serie Reencuentros en Catay
505 8# - NOTA DE CONTENIDO CON FORMATO
Nota de contenido con formato Contiene reseñas de: ;
Título El embrujo de Shanghai /
Mención de responsabilidad Juan Marsé. --
Título En el país de las colinas de arena /
Mención de responsabilidad Fernando de Trazegnies. --
Título El amuleto de bronce: la epopeya de Gengis Kan /
Mención de responsabilidad José Luis Corral Lafuente. --
Título Enseñanzas apócrifas: el libro del señor de Wu /
Mención de responsabilidad Rodolfo Modern. --
Título Hija de la fortuna /
Mención de responsabilidad Isabel Allende. --
Título Retrato en sepia /
Mención de responsabilidad Isabel Allende
650 #4 - PUNTO DE ACCESO ADICIONAL DE MATERIA--TÉRMINO DE MATERIA
Término de materia o nombre geográfico como elemento de entrada Literatura española-
Subdivisión cronológica S.XX-
Subdivisión general Historia y crítica.
9 (RLIN) 141686
650 04 - PUNTO DE ACCESO ADICIONAL DE MATERIA--TÉRMINO DE MATERIA
Término de materia o nombre geográfico como elemento de entrada Literatura hispanoamericana-
Subdivisión general Historia y crítica.
9 (RLIN) 14606
651 #4 - PUNTO DE ACCESO ADICIONAL DE MATERIA--NOMBRE GEOGRÁFICO
Nombre geográfico China-
Subdivisión general En la literatura.
9 (RLIN) 154959
700 1# - ENTRADA AGREGADA--NOMBRE PERSONAL
Nombre de persona Ramos, José.
9 (RLIN) 95264
700 1# - ENTRADA AGREGADA--NOMBRE PERSONAL
Nombre de persona Álvarez, José Ramón.
9 (RLIN) 154960
830 0# - PUNTO DE ACCESO ADICIONAL DE SERIE-TÍTULO UNIFORME
Título uniforme Reencuentros en Catay
9 (RLIN) 224993
852 ## - LOCALIZACIÓN
Ubicación ES-MaACL
Número de control de estantería A-13139
itemnumber 190470
Sublocalización o colección R.150196
Ubicación en estantería Depósito 1
Signatura antigua Olim: N-6139
942 ## - ELEMENTOS DE ENTRADA SECUNDARIOS (KOHA)
Fuente del sistema de clasificación o colocación Clasificación decimal universal
Tipo de ítem Koha Libro impreso
Suprimir en OPAC No
Holdings
Estatus retirado Estado de pérdida Fuente del sistema de clasificación o colocación Estado de daño No para préstamo Biblioteca de origen Biblioteca actual Ubicación en estantería Fecha de adquisición Fuente de adquisición Total de préstamos Signatura topográfica completa Código de barras Visto por última vez Precio de reemplazo Tipo de ítem Koha
    Clasificación decimal universal     Biblioteca del Ateneo de Madrid Biblioteca del Ateneo de Madrid Depósito 1 15/07/2014 Donación   A-13139 1192906 23/02/2023 23/02/2023 Libro impreso